000 00480nam a2200145Ia 4500
008 151213s9999 xx 000 0 und d
100 _aবাংলা একাডেমী।
245 _aনিবেদন।
_cবাংলা একাডেমী।
260 _aঢাকা
_bবাংলা একাডেমী।
_c1983
300 _a8507 p.
650 _aBangla
650 _aBengali Literature
700 _aবাংলা একাডেমী।
999 _c4344
_d4344